000 00414nam a2200181Ia 4500
999 _c49170
_d49170
003 0100
005 20170605113851.0
008 130303s9999 xx 000 0 und d
040 _cARRUPELIB
050 _aDT510.A75 1958
100 _aAmamoo, J.Godson
_932197
245 4 _aThe new Ghana
245 _bthe birth of a nation
260 _bPan Books Limited
_aLondon
_c1958
300 _axi
300 _b 145p. 18cm.
650 _aGhana
_xHistory
_932198
942 _2lcc
_cMONOGRAPH